| 000 | 00461nam a22001337a 4500 | ||
|---|---|---|---|
| 020 | _a0-201-04205-3 | ||
| 082 | _a005.16 LIE'F | ||
| 100 |
_aSWANSSON, E. BURTON,LIENTY, BENNET P _974508 |
||
| 245 | _aSOFTWARE MAINTENANCE MANAGEMENT A STUDY OFTHE MAINTENANACE OF COMPUTER APPLICATION SOFTWARE IN 487 DATA PROCESSING ORGANIZATION | ||
| 260 |
_aLONDON _bADDISON WESLEY _c1980 |
||
| 300 | _a214P | ||
| 650 |
_aCOMPUTER PROGRAMMING MANAGEMENT _974509 |
||
| 942 | _cBK | ||
| 999 |
_c580029 _d580029 |
||